[Event "Russian Championship B17 2016"]
[Site "Loo"]
[Date "2016.04.22"]
[Round "3.29"]
[White "Isayev, Maksym"]
[Black "Prokopov, Nikita"]
[Result "1-0"]
[WhiteElo "2059"]
[BlackElo "1682"]
[PlyCount "113"]
[EventDate "2016.04.20"]

1. d4 Nf6 2. c4 g6 3. Nc3 Bg7 4. e4 d6 5. Nge2 Nbd7 6. Ng3 e5 7. d5 a5 8. Be2
Nc5 9. Bg5 h6 10. Be3 Ncd7 11. h4 Nf8 12. h5 g5 13. Rc1 b6 14. b3 Bd7 15. a3
N8h7 16. Nf1 Qc8 17. f3 Rf8 18. g4 Ke7 19. Ng3 Re8 20. Kf2 Kf8 21. Kg2 Kg8 22.
Qc2 Bf8 23. Bf2 c5 24. dxc6 Qxc6 25. Qd2 Be6 26. Nd5 Nd7 27. Qe3 Reb8 28. Ra1
Nhf6 29. Qd2 Nh7 30. Qb2 Rc8 31. Rhc1 Kg7 32. Nf1 Nhf6 33. Nfe3 Qb7 34. Nd1 Nc5
35. N1c3 Be7 36. b4 axb4 37. axb4 Bxd5 38. cxd5 Ncd7 39. Bb5 Rxa1 40. Rxa1 Nb8
41. Ra3 Bd8 42. Qa1 Qc7 43. Be1 Qe7 44. Ra8 Nfd7 45. Bf2 Rc7 46. Nd1 Rb7 47.
Ne3 Qf6 48. Nf5+ Kh7 49. Bc6 Rc7 50. Bxb6 Nxc6 51. Bxc7 Bxc7 52. dxc6 Nb6 53.
Re8 d5 54. b5 dxe4 55. fxe4 Nc4 56. Qf1 Bb6 57. Qxc4 1-0

[Event "Russian Championship B19 2016"]
[Site "Loo"]
[Date "2016.04.22"]
[Round "3.1"]
[White "Vavulin, Maksim"]
[Black "Kovalev, Egor"]
[Result "1-0"]
[WhiteElo "2474"]
[BlackElo "2207"]
[PlyCount "91"]
[EventDate "2016.04.20"]

1. e4 c5 2. Nf3 e6 3. d4 cxd4 4. Nxd4 Nf6 5. Nc3 d6 6. g4 h6 7. h3 a6 8. Be3
Qc7 9. Bg2 Nc6 10. f4 Nd7 11. Qd2 Nxd4 12. Bxd4 b5 13. e5 d5 14. Qe3 Bb7 15.
Ne2 Be7 16. O-O-O O-O-O 17. Kb1 Kb8 18. h4 Rc8 19. c3 h5 20. f5 hxg4 21. fxe6
fxe6 22. Qg3 Qd8 23. h5 Qg8 24. Qxg4 Qh7+ 25. Ka1 Qf5 26. Qxf5 exf5 27. Nf4 Bg5
28. Ng6 Rh7 29. Bf3 Nf8 30. Nxf8 Rxf8 31. Rhg1 Be7 32. Rg6 Re8 33. Rdg1 Bf8 34.
a3 Rh6 35. R6g5 Bc8 36. Bxd5 Rd8 37. Bf3 a5 38. Rg6 b4 39. axb4 axb4 40. Rxh6
gxh6 41. Rg6 bxc3 42. bxc3 Re8 43. Rf6 Kc7 44. Bb6+ Kb8 45. Rf7 Ba6 46. Ra7 1-0

[Event "Russian Championship B19 2016"]
[Site "Loo"]
[Date "2016.04.22"]
[Round "3.2"]
[White "Zhuk, Valeriy"]
[Black "Yeletsky, Ivan"]
[Result "1/2-1/2"]
[WhiteElo "2310"]
[BlackElo "2344"]
[PlyCount "115"]
[EventDate "2016.04.20"]

1. Nf3 c5 2. c4 Nf6 3. Nc3 d5 4. cxd5 Nxd5 5. g3 Nc6 6. Bg2 Nc7 7. O-O e5 8. b3
f6 9. Bb2 Be7 10. Rc1 b6 11. Nh4 Bd7 12. Nf5 O-O 13. f4 Bxf5 14. Bxc6 Bh3 15.
Rf2 Rc8 16. e3 exf4 17. Rxf4 f5 18. Qe2 Qd6 19. Bh1 Rcd8 20. Rf2 Bf6 21. Nb5
Nxb5 22. Bxf6 Rxf6 23. Qxb5 Kh8 24. Qc4 h6 25. a3 a5 26. Rb1 Qd3 27. Qxd3 Rxd3
28. Bg2 Bxg2 29. Kxg2 Rfd6 30. Rb2 g6 31. a4 R3d5 32. Kf1 Re5 33. Ke2 Re4 34.
Rf4 Kg7 35. Rc2 Rxf4 36. exf4 g5 37. Rc3 Kf6 38. Rc4 Ke6 39. fxg5 hxg5 40. h4
Kf6 41. d3 Kg6 42. hxg5 Kxg5 43. Rh4 Rd8 44. Ke3 Re8+ 45. Kd2 Rg8 46. d4 cxd4
47. Rxd4 Kf6 48. Rd6+ Ke5 49. Rxb6 Rxg3 50. b4 axb4 51. Rxb4 f4 52. Ke2 Ra3 53.
Kf2 Kf5 54. Rb8 Rxa4 55. Rf8+ Ke6 56. Kf3 Ke7 57. Rxf4 Rxf4+ 58. Kxf4 1/2-1/2

[Event "Russian Championship B19 2016"]
[Site "Loo"]
[Date "2016.04.22"]
[Round "3.3"]
[White "Ivlev, Aleksey"]
[Black "Kozionov, Kirill"]
[Result "1-0"]
[WhiteElo "2302"]
[BlackElo "2423"]
[PlyCount "120"]
[EventDate "2016.04.20"]

1. d4 Nf6 2. c4 e6 3. Nf3 c5 4. d5 b5 5. Bg5 exd5 6. cxd5 d6 7. e4 a6 8. a4 Be7
9. Nbd2 Nxd5 10. exd5 Bxg5 11. axb5 O-O 12. Be2 Bf6 13. Nc4 Bb7 14. b6 Nd7 15.
Nxd6 Qxb6 16. Nxb7 Qxb7 17. O-O Bxb2 18. Rb1 Rfb8 19. Nd2 Qc8 20. Nc4 Bd4 21.
Bg4 h5 22. Bxd7 Qxd7 23. Qxh5 Rxb1 24. Rxb1 Rd8 25. d6 Qe6 26. Rc1 Rb8 27. Qd1
Qf5 28. Qe2 Qe6 29. Qd2 Re8 30. g3 Qd5 31. Qc2 g6 32. Qd1 Kg7 33. Qf1 Re6 34.
Rc2 Kf6 35. Ra2 Qc6 36. Re2 Qd5 37. Rxe6+ fxe6 38. Nd2 Be5 39. Nc4 Bc3 40. Qe2
a5 41. d7 Ke7 42. Nb6 Qc6 43. Qa6 Bf6 44. Qxa5 Kf7 45. Nc4 Qd5 46. Ne3 Qd6 47.
Qb5 Bd8 48. h4 Bf6 49. Qb7 Bd8 50. Qf3+ Kg7 51. Qb7 Kf7 52. Kh2 Qc7 53. Qf3+
Kg7 54. Qd1 Bxh4 55. Qg4 Bxg3+ 56. Qxg3 Qxd7 57. Qe5+ Kf7 58. Qxc5 Qa4 59. Qg5
Qe4 60. Ng4 Kg7 1-0

[Event "Russian Championship B19 2016"]
[Site "Loo"]
[Date "2016.04.22"]
[Round "3.4"]
[White "Timerkhanov, Alexander"]
[Black "Khanin, Semen"]
[Result "1/2-1/2"]
[WhiteElo "2260"]
[BlackElo "2396"]
[PlyCount "120"]
[EventDate "2016.04.20"]

1. d4 Nf6 2. Bg5 c5 3. Bxf6 gxf6 4. d5 Qb6 5. Qc1 f5 6. c4 d6 7. Nc3 Nd7 8. Nf3
Bg7 9. e3 Nf6 10. Bd3 Bd7 11. Rb1 e6 12. Qc2 Ng4 13. O-O h5 14. Ne2 Nf6 15. a3
Qc7 16. Nh4 O-O-O 17. b4 Kb8 18. Qb3 Ne4 19. Bxe4 fxe4 20. bxc5 dxc5 21. dxe6
Bxe6 22. Nf4 Be5 23. Nhg6 Bxf4 24. Nxf4 Rd7 25. Rfd1 Rhd8 26. Rxd7 Rxd7 27. Qc3
Qd6 28. h4 a6 29. Nxh5 Qd3 30. Rc1 Qxc3 31. Rxc3 Rd3 32. Rc1 Kc7 33. Nf6 Kc6
34. h5 Bf5 35. g4 Rd6 36. g5 b5 37. cxb5+ axb5 38. f3 exf3 39. e4 Rxf6 40. gxf6
Bxe4 41. Kf2 Kd5 42. h6 b4 43. axb4 cxb4 44. Rc7 b3 45. Rxf7 b2 46. Rb7 Ke6 47.
Rxb2 Kxf6 48. Ke3 Bh7 49. Kxf3 Kg6 50. Rh2 Bg8 51. Rg2+ Kh7 52. Rg7+ Kh8 53.
Rc7 Ba2 54. Kf4 Bb1 55. Kg5 Bd3 56. Kf6 Bb1 57. Rg7 Bc2 58. h7 Bxh7 59. Kf7 Bc2
60. Rg8+ Kh7 1/2-1/2

[Event "Russian Championship B19 2016"]
[Site "Loo"]
[Date "2016.04.22"]
[Round "3.5"]
[White "Anikonov, Dmitry"]
[Black "Kuzmin, Egor"]
[Result "1-0"]
[WhiteElo "2387"]
[BlackElo "2242"]
[PlyCount "27"]
[EventDate "2016.04.20"]

1. d4 d5 2. c4 c6 3. Nc3 Nf6 4. Nf3 dxc4 5. a4 e6 6. e3 Nbd7 7. Bxc4 Bd6 8. e4
Bb4 9. e5 Nd5 10. Qc2 c5 11. O-O cxd4 12. Nxd5 exd5 13. Bxd5 O-O 14. Ng5 1-0

[Event "Russian Championship B19 2016"]
[Site "Loo"]
[Date "2016.04.22"]
[Round "3.6"]
[White "Zhileykin, Andrey"]
[Black "Drygalov, Sergey"]
[Result "0-1"]
[WhiteElo "2254"]
[BlackElo "2372"]
[PlyCount "92"]
[EventDate "2016.04.20"]

1. e4 c5 2. Nf3 e6 3. d4 cxd4 4. Nxd4 a6 5. Nc3 Qc7 6. Bd3 Nf6 7. O-O Bc5 8.
Be3 d6 9. Kh1 Nbd7 10. f4 h5 11. a4 b6 12. Qe2 Bb7 13. Bg1 h4 14. Rf3 Nh5 15.
Be3 Ndf6 16. Nb3 Bxe3 17. Qxe3 e5 18. fxe5 Ng4 19. Qd4 Nxe5 20. Rff1 Qd8 21.
Kg1 h3 22. Be2 Qg5 23. Rf2 Nf4 24. Qe3 Nxe2+ 25. Rxe2 Qxe3+ 26. Rxe3 hxg2 27.
Nd5 Bxd5 28. exd5 Kd7 29. Rg3 g6 30. Nd4 Rh5 31. Kxg2 Rah8 32. h3 f5 33. Rf1
Rc8 34. b3 Rh4 35. Nc6 Nxc6 36. dxc6+ Rxc6 37. Rxg6 Rxc2+ 38. Kg3 Rb4 39. Rd1
Rxb3+ 40. Kh4 Rc4+ 41. Kg5 Rg3+ 42. Kxf5 Rc5+ 43. Kf6 Rxh3 44. Kg7 Rc6 45. Rf6
Re3 46. Kf8 Re7 0-1

[Event "Russian Championship B19 2016"]
[Site "Loo"]
[Date "2016.04.22"]
[Round "3.7"]
[White "Zakaryan, David"]
[Black "Obodenko, Amir"]
[Result "1-0"]
[WhiteElo "2342"]
[BlackElo "2133"]
[PlyCount "75"]
[EventDate "2016.04.20"]

1. Nf3 Nf6 2. c4 c6 3. d4 d5 4. Nc3 e6 5. g3 dxc4 6. Bg2 Bb4 7. O-O O-O 8. Qc2
b5 9. a4 Bxc3 10. bxc3 Bb7 11. Ne5 Qc8 12. Ba3 Re8 13. Rfb1 a6 14. Qb2 Nd5 15.
e4 Nb6 16. Bc5 N8d7 17. Bxb6 Nxb6 18. a5 Na4 19. Rxa4 bxa4 20. Nxc4 Re7 21. Nb6
Qd8 22. Nxa8 Qxa8 23. Qa3 c5 24. Qxa4 h6 25. dxc5 Rc7 26. Qd4 Qc8 27. Qd6 Kh7
28. h4 Bc6 29. Rb6 Bb5 30. e5 Rd7 31. c6 Rxd6 32. exd6 Bxc6 33. Bxc6 g5 34.
hxg5 h5 35. d7 Qc7 36. Rb4 e5 37. Rb1 Qd6 38. Ba4 1-0

[Event "Russian Championship B19 2016"]
[Site "Loo"]
[Date "2016.04.22"]
[Round "3.8"]
[White "Aleksandrovskiy, Dmitriy"]
[Black "Drygalov, Andrey"]
[Result "1/2-1/2"]
[WhiteElo "2252"]
[BlackElo "2317"]
[PlyCount "104"]
[EventDate "2016.04.20"]

1. c4 e5 2. g3 Nf6 3. Bg2 d5 4. cxd5 Nxd5 5. Nc3 Nb6 6. Nf3 Nc6 7. d3 Be7 8. a3
O-O 9. O-O Re8 10. b4 Bf8 11. Bb2 Bg4 12. h3 Bh5 13. Ne4 Rb8 14. g4 Bg6 15. Rc1
f6 16. Nc5 Bxc5 17. Rxc5 Bf7 18. e3 Ne7 19. g5 Ng6 20. Qc2 c6 21. d4 Nd7 22.
Ra5 exd4 23. Nxd4 fxg5 24. Rd1 Nh4 25. Nf3 Nxf3+ 26. Bxf3 Qe7 27. Bg4 Rbd8 28.
Qf5 Nf8 29. Rxd8 Qxd8 30. Qxg5 Qxg5 31. Rxg5 g6 32. Bf3 Rd8 33. Re5 Be6 34. h4
a6 35. Bd4 Kf7 36. h5 Bf5 37. hxg6+ hxg6 38. Be2 Be6 39. Re4 Rd5 40. Rh4 a5 41.
Rf4+ Ke8 42. Kh2 axb4 43. axb4 Nd7 44. Rh4 Rf5 45. f4 Rf7 46. Bd3 Nf8 47. Rh8
Bf5 48. Bc4 Rh7+ 49. Rxh7 Nxh7 50. Kg3 Ke7 51. Bc5+ Kd7 52. Kh4 Nf6 1/2-1/2

[Event "Russian Championship B19 2016"]
[Site "Loo"]
[Date "2016.04.22"]
[Round "3.9"]
[White "Litvinov, Maxim"]
[Black "Konaplev, Anton"]
[Result "1-0"]
[WhiteElo "2413"]
[BlackElo "2165"]
[PlyCount "77"]
[EventDate "2016.04.20"]

1. e4 e6 2. d4 d5 3. Nd2 c5 4. exd5 exd5 5. Ngf3 a6 6. Be2 c4 7. O-O Bd6 8. b3
b5 9. a4 c3 10. axb5 cxd2 11. Bxd2 Bb7 12. bxa6 Nxa6 13. Bb5+ Kf8 14. c4 Nc7
15. Ba4 dxc4 16. bxc4 Nf6 17. Qb3 Rb8 18. Rab1 Na6 19. Qd3 Ng4 20. Qe2 Nc7 21.
d5 Na6 22. h3 Nf6 23. Nd4 Nc5 24. Bb5 Qe7 25. Qxe7+ Bxe7 26. Bc6 Bd6 27. Nf5
Bxc6 28. Nxd6 Rxb1 29. Rxb1 Ke7 30. Nf5+ Kd7 31. dxc6+ Kxc6 32. Nxg7 Ra8 33.
Nf5 Ra4 34. Nh6 Nd3 35. Be3 Ne4 36. Nxf7 Rxc4 37. Rd1 Rc3 38. Rxd3 Rxd3 39.
Ne5+ 1-0

[Event "Russian Championship B19 2016"]
[Site "Loo"]
[Date "2016.04.22"]
[Round "3.10"]
[White "Tarasov, Alexandr"]
[Black "Feoktistov, Nikita"]
[Result "1/2-1/2"]
[WhiteElo "2348"]
[BlackElo "2194"]
[PlyCount "66"]
[EventDate "2016.04.20"]

1. d4 d5 2. c4 c6 3. Nf3 e6 4. Nbd2 Nf6 5. e3 Nbd7 6. Bd3 Be7 7. O-O O-O 8. b3
b6 9. Bb2 Bb7 10. Qe2 c5 11. Rfd1 Ne4 12. cxd5 exd5 13. Ba6 Qc8 14. Bxb7 Qxb7
15. Ne1 Ndf6 16. dxc5 bxc5 17. Rac1 Rfd8 18. Nxe4 Nxe4 19. Nd3 Rac8 20. Qg4 Bf6
21. Bxf6 Nxf6 22. Qa4 Qb6 23. Nf4 h6 24. h3 Rc7 25. Rc2 a5 26. Nd3 Rdc8 27.
Rdc1 Ne4 28. Nf4 Nf6 29. Rd1 Rd8 30. Rdc1 Rdc8 31. Nd3 Ne4 32. Nf4 Nf6 33. Nd3
Ne4 1/2-1/2

[Event "Russian Championship B19 2016"]
[Site "Loo"]
[Date "2016.04.22"]
[Round "3.11"]
[White "Shapiro, David"]
[Black "Gogin, Maksim"]
[Result "1-0"]
[WhiteElo "2230"]
[BlackElo "2324"]
[PlyCount "137"]
[EventDate "2016.04.20"]

1. d4 Nf6 2. Nf3 g6 3. Nc3 d5 4. Bf4 Bg7 5. e3 O-O 6. Be2 c5 7. O-O cxd4 8.
exd4 Nc6 9. Ne5 Qb6 10. Nxc6 Qxc6 11. Bb5 Qb6 12. a4 Bf5 13. f3 Be6 14. a5 Qd8
15. Be5 Ne8 16. Bxg7 Kxg7 17. Bd3 Bf5 18. a6 Bxd3 19. axb7 Bxf1 20. bxa8=Q Qxa8
21. Qxf1 Qb7 22. Qb5 Qxb5 23. Nxb5 Nf6 24. Nxa7 Rb8 25. b3 Rb6 26. Ra5 e6 27.
Kf2 Ne8 28. Nb5 Rc6 29. c3 Nc7 30. Nxc7 Rxc7 31. Rc5 Ra7 32. g4 Ra2+ 33. Kg3
Rb2 34. b4 g5 35. h4 h6 36. Rc7 Kf6 37. f4 gxf4+ 38. Kxf4 Rh2 39. g5+ hxg5+ 40.
hxg5+ Kg6 41. Ke5 Rf2 42. b5 Rb2 43. Rb7 Rb3 44. b6 Rxc3 45. Rb8 Rb3 46. b7 Kg7
47. g6 fxg6 48. Kxe6 Kh7 49. Kxd5 g5 50. Kc4 Rb1 51. d5 g4 52. d6 g3 53. d7 g2
54. d8=Q Rc1+ 55. Kb3 Rb1+ 56. Kc2 Rc1+ 57. Kxc1 g1=Q+ 58. Kb2 Qh2+ 59. Kc3
Qe5+ 60. Kc4 Qf4+ 61. Kc5 Qe5+ 62. Qd5 Qc3+ 63. Kb5 Qb2+ 64. Kc6 Qf6+ 65. Kd7
Qg7+ 66. Ke8 Qh8+ 67. Ke7 Qxb8 68. Qf7+ Kh6 69. Qf8+ 1-0

[Event "Russian Championship B19 2016"]
[Site "Loo"]
[Date "2016.04.22"]
[Round "3.12"]
[White "Murtazin, Bulat"]
[Black "Kruzhilin, Aleksey"]
[Result "1-0"]
[WhiteElo "2319"]
[BlackElo "2161"]
[PlyCount "107"]
[EventDate "2016.04.20"]

1. d4 Nf6 2. c4 e6 3. Nc3 Bb4 4. Qc2 b6 5. e4 c5 6. e5 cxd4 7. a3 Bxc3+ 8. bxc3
Ng8 9. Qe4 Nc6 10. cxd4 d5 11. cxd5 Qxd5 12. Qxd5 exd5 13. Be3 Nge7 14. Rc1 O-O
15. Bd3 Bb7 16. Ne2 Rac8 17. O-O Na5 18. Nc3 Nc4 19. Nb5 Ba6 20. Nd6 Rc6 21.
Rfe1 h6 22. f4 Rd8 23. Bf2 Nc8 24. Bh4 Rd7 25. a4 N4xd6 26. exd6 g6 27. Be7 Bb7
28. f5 Nxd6 29. Rxc6 Bxc6 30. f6 Bxa4 31. Rc1 Bb3 32. Rc6 Nf5 33. Rc8+ Kh7 34.
Bf8 Bc4 35. Bxf5 gxf5 36. h4 Kg6 37. g3 Ba6 38. Rc3 Bc4 39. Bg7 b5 40. Re3 b4
41. Re8 Kh5 42. Kf2 Kg4 43. Bxh6 b3 44. Bc1 Rd6 45. Rg8+ Kh3 46. h5 Rxf6 47.
Rb8 Re6 48. h6 Re2+ 49. Kf3 Rh2 50. h7 Be2+ 51. Kf4 Rf2+ 52. Ke5 Kg2 53. h8=Q
Bc4 54. Kd6 1-0

[Event "Russian Championship B19 2016"]
[Site "Loo"]
[Date "2016.04.22"]
[Round "3.13"]
[White "Ioffe, Ilya"]
[Black "Najdin, Danil"]
[Result "1-0"]
[WhiteElo "2185"]
[BlackElo "2305"]
[PlyCount "151"]
[EventDate "2016.04.20"]

1. e4 e5 2. Nf3 Nc6 3. Bc4 Nf6 4. d3 Be7 5. O-O O-O 6. Re1 d6 7. c3 Na5 8. Bb5
a6 9. Ba4 b5 10. Bc2 c5 11. Nbd2 Nc6 12. Nf1 Qc7 13. Ng3 Re8 14. h3 h6 15. Nh2
Be6 16. Qf3 Qd7 17. Nf5 Bxf5 18. exf5 d5 19. Ng4 Nxg4 20. Qxg4 Kh7 21. d4 e4
22. dxc5 Bxc5 23. Bf4 Ne5 24. Qh5 Qc6 25. Rad1 Ra7 26. Re2 Rd7 27. Kh1 Bb6 28.
f3 Nc4 29. fxe4 dxe4 30. Rxd7 Qxd7 31. f6 gxf6 32. Rxe4 Rxe4 33. Bxe4+ Kg8 34.
Bxh6 Qe6 35. Qh4 f5 36. Qg5+ Qg6 37. Bxf5 Qxg5 38. Bxg5 Nxb2 39. Bc8 Nd1 40.
Bd2 Nf2+ 41. Kh2 Ne4 42. Be1 Nc5 43. Bf2 Bc7+ 44. Kg1 Ne4 45. Bd4 a5 46. Bb7
Ng3 47. Kf2 Nf5 48. Bf6 Nd6 49. Bc6 Kh7 50. Be5 b4 51. cxb4 axb4 52. Kf3 Kg6
53. g4 f6 54. Bf4 Kf7 55. h4 Ke6 56. h5 Bb6 57. h6 Bd4 58. h7 f5 59. g5 Nf7 60.
Ba4 Ne5+ 61. Kg3 Ng6 62. Bb3+ Ke7 63. Bd2 Bc5 64. Bc1 Bd4 65. Bd2 Bc5 66. Kf3
Bd6 67. a3 Kf8 68. axb4 Kg7 69. Bg8 Be5 70. b5 Ne7 71. b6 Ng6 72. b7 Kf8 73.
Bc3 Bb8 74. Bb3 Nh4+ 75. Ke2 Ng6 76. h8=Q+ 1-0

[Event "Russian Championship B19 2016"]
[Site "Loo"]
[Date "2016.04.22"]
[Round "3.15"]
[White "Bondarenko, Ivan"]
[Black "Khramov, Andrey"]
[Result "0-1"]
[WhiteElo "2194"]
[BlackElo "2125"]
[PlyCount "124"]
[EventDate "2016.04.20"]

1. d4 d5 2. c4 c6 3. cxd5 cxd5 4. Bf4 Nf6 5. Nc3 Nc6 6. e3 Bg4 7. Qb3 Na5 8.
Qa4+ Bd7 9. Qc2 e6 10. Nf3 Rc8 11. Bd3 Be7 12. h3 O-O 13. O-O b5 14. a3 Qb6 15.
Ne5 h6 16. Rfc1 Rfd8 17. Nxd7 Nxd7 18. Qd1 a6 19. b3 Nf6 20. Bg3 Rc6 21. f3
Rdc8 22. Ne2 Rxc1 23. Nxc1 Bd6 24. Bxd6 Qxd6 25. a4 b4 26. Ne2 g6 27. Rc1 Rxc1
28. Nxc1 Qc6 29. Na2 Qb6 30. Qe2 Kg7 31. Bxa6 Nxb3 32. Bb5 Nxd4 33. exd4 Qxd4+
34. Kh2 b3 35. a5 Nh5 36. g3 Qa1 37. Nb4 b2 38. Bd3 b1=Q 39. Bxb1 Qxb1 40. Nc6
Qb7 41. Nd4 Qc7 42. Qe1 Qc4 43. Qd2 e5 44. Ne2 Nf6 45. f4 e4 46. Qb2 Kg8 47.
Qd2 Nd7 48. Nc3 Nf6 49. Ne2 Kh7 50. Kg2 h5 51. Kf2 Qc5+ 52. Nd4 Qa3 53. Kg2 e3
54. Qe2 Ne4 55. a6 Qa1 56. Nc6 d4 57. a7 Nc3 58. Qf1 Qa2+ 59. Kh1 e2 60. Qe1
Qd5+ 61. Kg1 Qxc6 62. Qa1 Qe4 0-1

[Event "Russian Championship B19 2016"]
[Site "Loo"]
[Date "2016.04.22"]
[Round "3.16"]
[White "Ufimtsev, Egor"]
[Black "Shilyaev, Fedor"]
[Result "0-1"]
[WhiteElo "2034"]
[BlackElo "2203"]
[PlyCount "112"]
[EventDate "2016.04.20"]

1. d4 Nf6 2. Nf3 g6 3. c4 Bg7 4. g3 O-O 5. Bg2 d6 6. O-O c5 7. Nc3 Nc6 8. d5
Na5 9. Qd3 e6 10. e4 exd5 11. cxd5 a6 12. Bf4 Nh5 13. Bg5 f6 14. Bd2 b5 15. h3
f5 16. Ng5 b4 17. Nd1 f4 18. gxf4 Nxf4 19. Bxf4 Rxf4 20. Ne6 Bxe6 21. dxe6 Bd4
22. Ne3 Qh4 23. e5 Re8 24. exd6 Rxe6 25. Bd5 Qxh3 26. Bxe6+ Qxe6 27. Ng2 Rf6
28. Qxa6 Nc4 29. Rae1 Ne5 30. Qb7 Qxd6 31. Kh1 Rf7 32. Qc8+ Kg7 33. f4 Nd3 34.
Re8 Rf5 35. Rg8+ Kh6 36. Kh2 Nxf4 37. Nxf4 Rxf4 38. Rxf4 Qxf4+ 39. Kh3 Qf3+ 40.
Kh2 Qf2+ 41. Kh3 Bxb2 42. Rf8 Qe3+ 43. Kg2 Qg5+ 44. Kf3 Bd4 45. Qd7 Qe3+ 46.
Kg2 Qg1+ 47. Kh3 Be5 48. Qd2+ Qg5 49. Qe1 Qh5+ 50. Kg2 Qg4+ 51. Kf1 Bd4 52.
Qd2+ Kg7 53. Rf4 Qg1+ 54. Ke2 Qg2+ 55. Kd1 Qxd2+ 56. Kxd2 g5 0-1

[Event "Russian Championship B19 2016"]
[Site "Loo"]
[Date "2016.04.22"]
[Round "3.17"]
[White "Sinyanskiy, Maxim"]
[Black "Mingazov, Almaz"]
[Result "0-1"]
[WhiteElo "1990"]
[BlackElo "2181"]
[PlyCount "100"]
[EventDate "2016.04.20"]

1. e4 c5 2. Nf3 d6 3. d4 cxd4 4. Nxd4 Nf6 5. Nc3 a6 6. Be3 e5 7. Nb3 Be6 8. h3
Be7 9. f4 exf4 10. Bxf4 Nc6 11. Qe2 Ne5 12. O-O-O Qc7 13. g4 O-O 14. g5 Nfd7
15. Nd5 Bxd5 16. exd5 Ng6 17. Be3 Rfe8 18. Qf2 Rac8 19. h4 Nge5 20. Bh3 Qc4 21.
Rd4 Qb5 22. Kb1 Nc4 23. Bc1 Bd8 24. h5 Rc7 25. g6 Nf8 26. Bf1 Bf6 27. Rxc4 Rxc4
28. gxf7+ Kxf7 29. Nd2 Qc5 30. Qf5 Rb4 31. a3 Ra4 32. Bg2 Re2 33. Qf3 Qf2 34.
Qxf2 Rxf2 35. Bf1 Rd4 36. Nb3 Rd1 37. Bg2 Rxc1+ 38. Rxc1 Rxg2 39. Na5 b5 40.
Nc6 Nd7 41. Nb4 Nc5 42. Rh1 g5 43. hxg6+ Kxg6 44. Nc6 h5 45. b4 Na4 46. Nb8
Nc3+ 47. Kc1 Nxd5 48. Nxa6 Ne3 49. a4 bxa4 50. b5 Rxc2+ 0-1

[Event "Russian Championship B19 2016"]
[Site "Loo"]
[Date "2016.04.22"]
[Round "3.18"]
[White "Bychkov, Vladimir"]
[Black "Karpinskiy, Kirill"]
[Result "1/2-1/2"]
[WhiteElo "2176"]
[BlackElo "1984"]
[PlyCount "84"]
[EventDate "2016.04.20"]

1. c4 c5 2. Nc3 Nc6 3. g3 g6 4. Bg2 Bg7 5. Nf3 d6 6. O-O e6 7. d3 Nge7 8. Rb1
O-O 9. Bg5 h6 10. Bxe7 Qxe7 11. Qd2 Bd7 12. a3 a5 13. b3 Nd4 14. Ne1 Bc6 15. e3
Bxg2 16. Kxg2 Nc6 17. Nc2 Qd7 18. d4 cxd4 19. exd4 d5 20. Rfd1 b6 21. a4 Nb4
22. Kg1 Nxc2 23. Qxc2 dxc4 24. bxc4 Qc6 25. Nb5 Rfd8 26. Qe2 Rd7 27. Rbc1 Rad8
28. Qe3 Kh7 29. Rc2 Kg8 30. Rcc1 Qb7 31. Qf4 h5 32. Qe3 Kh7 33. Rc3 Kg8 34. h3
Kh7 35. Kh2 Kg8 36. Kg1 Kh7 37. Kh2 Kg8 38. Kg1 Kh7 39. Rcd3 Qc6 40. Rc1 Qb7
41. Rc2 Qc6 42. Kh2 Kg8 1/2-1/2

[Event "Russian Championship B19 2016"]
[Site "Loo"]
[Date "2016.04.22"]
[Round "3.19"]
[White "Sizintsev, Alexey"]
[Black "Sivtsev, Mikhail"]
[Result "1-0"]
[WhiteElo "2125"]
[BlackElo "1946"]
[PlyCount "89"]
[EventDate "2016.04.20"]

1. e4 e6 2. d4 d5 3. Nc3 Nf6 4. e5 Nfd7 5. f4 c5 6. Nf3 Nc6 7. Be3 a6 8. Qd2
Be7 9. O-O-O c4 10. f5 b5 11. fxe6 fxe6 12. Ne2 Nf8 13. Bg5 Bd7 14. h4 h6 15.
Bxe7 Qxe7 16. Nf4 O-O-O 17. g3 Kb7 18. h5 Rc8 19. c3 b4 20. Nh4 Be8 21. Bh3
bxc3 22. Qxc3 Na7 23. Qa5 Rc6 24. Kb1 Nb5 25. a4 c3 26. axb5 c2+ 27. Ka2 axb5
28. Rc1 Ra6 29. Qxa6+ Kxa6 30. Rxc2 Kb7 31. Rhc1 Nh7 32. Bxe6 Ng5 33. Bxd5+ Kb6
34. Nf5 Qb4 35. Bb3 Qa5+ 36. Kb1 Qa8 37. Nd5+ Ka5 38. Rc8 Qa6 39. Nd6 Bg6+ 40.
hxg6 Rxc8 41. Rxc8 Ne4 42. Nc7 Qc6 43. Ra8+ Kb4 44. Nd5+ Kxb3 45. Ra3# 1-0

[Event "Russian Championship B19 2016"]
[Site "Loo"]
[Date "2016.04.22"]
[Round "3.20"]
[White "Lavrinenko, Aleksandr"]
[Black "Beljskij, Ilja"]
[Result "1-0"]
[WhiteElo "1969"]
[BlackElo "2110"]
[PlyCount "45"]
[EventDate "2016.04.20"]

1. e4 e6 2. Nf3 d5 3. Nc3 Nf6 4. e5 Nfd7 5. d4 c5 6. dxc5 Bxc5 7. Bd3 Nc6 8.
Bf4 Be7 9. O-O g5 10. Bg3 g4 11. Nd2 Ndxe5 12. Bb5 Bd7 13. Re1 Ng6 14. f3 h5
15. Bf2 Qc7 16. Nb3 f5 17. Nd4 Nxd4 18. Qxd4 gxf3 19. Rxe6 Kf7 20. Nxd5 Qd8 21.
Bxd7 Qxd7 22. Rxe7+ Nxe7 23. Qf6+ 1-0

[Event "Russian Championship B19 2016"]
[Site "Loo"]
[Date "2016.04.22"]
[Round "3.21"]
[White "Petrushev, Nikita"]
[Black "Dinulin, Ilya"]
[Result "1-0"]
[WhiteElo "2024"]
[BlackElo "1812"]
[PlyCount "37"]
[EventDate "2016.04.20"]

1. e4 c6 2. d4 d5 3. f3 dxe4 4. fxe4 Nf6 5. e5 Nd5 6. Bd3 e6 7. Nf3 c5 8. O-O
h6 9. c3 Nc6 10. Be4 Be7 11. c4 Nb6 12. d5 exd5 13. cxd5 Nb8 14. d6 Bg5 15.
Nxg5 hxg5 16. Qf3 Be6 17. Bxb7 N8d7 18. Bxa8 Nxa8 19. Bxg5 1-0

[Event "Russian Championship B19 2016"]
[Site "Loo"]
[Date "2016.04.22"]
[Round "3.22"]
[White "Kappushev, Ahmat"]
[Black "Ermachkov, Ilja"]
[Result "1-0"]
[WhiteElo "1903"]
[BlackElo "1730"]
[PlyCount "119"]
[EventDate "2016.04.20"]

1. e4 e5 2. Nf3 Nf6 3. Nxe5 d6 4. Nf3 Nxe4 5. Nc3 Nxc3 6. dxc3 Be7 7. Be3 O-O
8. Qd2 Nd7 9. O-O-O Nf6 10. Bd3 d5 11. Bg5 c6 12. h3 Qa5 13. Kb1 Be6 14. Nd4
Rae8 15. g4 c5 16. Nf5 Bxf5 17. Bxf5 Ne4 18. Bxe4 dxe4 19. Bxe7 Rxe7 20. Rhe1
Qc7 21. Re3 Rfe8 22. a3 h6 23. Rde1 b6 24. Qd5 Re5 25. Qc4 Qb7 26. f3 b5 27.
Qf1 a6 28. Qe2 exf3 29. Rxe5 fxe2 30. Rxe8+ Kh7 31. R8xe2 Qf3 32. Re3 Qg2 33.
b3 Kg6 34. Kb2 Kh7 35. R1e2 Qh1 36. Rf2 Kg6 37. Re7 f6 38. Re3 Kf7 39. Rf5 c4
40. b4 Kg6 41. Rc5 Qg2 42. Rc7 Qd5 43. Ree7 Qg8 44. Ra7 Qf8 45. Red7 Kg5 46.
Rxg7+ Kh4 47. Raf7 Qd8 48. Rg6 Kxh3 49. Rfxf6 a5 50. bxa5 Qxa5 51. Rf5 Qa4 52.
Rh5+ Kg3 53. Rhxh6 b4 54. axb4 Kg2 55. g5 Qb5 56. Rg8 Qd5 57. Rhh8 Qf7 58. g6
Qf6 59. g7 Qf7 60. Rf8 1-0

[Event "Russian Championship G11 1st league 2016"]
[Site "Loo"]
[Date "2016.04.23"]
[Round "4.1"]
[White "Karpova, Larisa"]
[Black "Shestakova, Bogdana"]
[Result "1/2-1/2"]
[WhiteElo "1240"]
[BlackElo "1605"]
[PlyCount "89"]
[EventDate "2016.04.20"]

1. d4 Nf6 2. Nf3 g6 3. c4 Bg7 4. Nc3 d6 5. h3 O-O 6. Bf4 Nbd7 7. e3 Re8 8. Be2
Nh5 9. Bh2 e5 10. d5 f5 11. Qc2 a5 12. O-O-O Nc5 13. a4 Bd7 14. b3 c6 15. dxc6
Bxc6 16. Nd5 Nf6 17. Ng5 Nxd5 18. cxd5 Bd7 19. h4 Rc8 20. Bc4 Qb6 21. Kd2 e4
22. Ke2 Nd3 23. Qb1 Ne5 24. Ne6 Nxc4 25. bxc4 Qxb1 26. Rxb1 Bxe6 27. dxe6 Rxc4
28. Rhc1 Rxc1 29. Rxc1 Rxe6 30. Rb1 Re7 31. Bxd6 Rd7 32. Bf4 Bc3 33. Rd1 Rxd1
34. Kxd1 Kf7 35. f3 exf3 36. gxf3 Ke6 37. Kc2 Bb4 38. Kd3 Kd5 39. e4+ fxe4+ 40.
fxe4+ Kc5 41. Bg5 Kd6 42. Bf4+ Ke6 43. Kc4 h5 44. Kb5 Be7 45. Bg3 1/2-1/2

[Event "Russian Championship G11 1st league 2016"]
[Site "Loo"]
[Date "2016.04.23"]
[Round "4.2"]
[White "Li, Darina"]
[Black "Zaytseva, Dariya"]
[Result "0-1"]
[WhiteElo "1223"]
[BlackElo "1382"]
[PlyCount "62"]
[EventDate "2016.04.20"]

1. e4 c5 2. Nf3 Nc6 3. d4 cxd4 4. Nxd4 g6 5. Nc3 Bg7 6. Be3 Nf6 7. Bc4 O-O 8.
Qd2 Ng4 9. Bg5 Bxd4 10. f3 Nf6 11. Bh6 Re8 12. g4 Ne5 13. Qe2 Nxc4 14. Qxc4 Qb6
15. O-O-O Be3+ 16. Bxe3 Qxe3+ 17. Kb1 Qxf3 18. Nb5 Rd8 19. Qc5 d6 20. Qd4 Qxe4
21. Qxe4 Nxe4 22. Rhe1 Bxg4 23. Rd4 f5 24. Rg1 a6 25. Nc7 Rac8 26. Ne6 Rd7 27.
Rxg4 fxg4 28. Rxe4 d5 29. Rxg4 Rc4 30. Rg3 Re4 31. Nc5 Re1# 0-1